[Event "Regionalliga Sued-West 1819"]
[Site "Bayern"]
[Date "2019.04.07"]
[Round "9.8"]
[White "Sakkal, Cherin"]
[Black "Katzer, Joachim"]
[Result "1/2-1/2"]
[WhiteElo "1872"]
[BlackElo "1902"]
[PlyCount "67"]
[EventDate "2018.10.21"]
[EventType "team-tourn"]
[EventRounds "9"]
[EventCountry "GER"]
[SourceTitle "EXT 2022"]
[Source "ChessBase"]
[SourceDate "2021.10.06"]
[SourceVersion "1"]
[SourceVersionDate "2021.10.06"]
[SourceQuality "1"]
[WhiteTeam "Haar"]
[BlackTeam "Sendling SC"]
[WhiteTeamCountry "GER"]
[BlackTeamCountry "GER"]

1. e4 d5 2. exd5 Qxd5 3. Nc3 Qa5 4. b4 Qxb4 5. Nb5 Qa5 6. Bc4 Nf6 7. Nf3 c6 8. Nbd4 e6 9. 0-0 Be7 10. a4 0-0 11. Bb2 Nbd7 12. Qe2 Re8 13. Bc3 Qh5 14. Rfe1 Nb6 15. a5 Nxc4 16. Qxc4 Qd5 17. Qa4 Bd7 18. a6 b5 19. Qa5 Bd8 20. Qa3 Bc7 21. Bb4 e5 22. Ne2 e4 23. Nfd4 Bb6 24. Nb3 Ng4 25. Nc5 Bxc5 26. Bxc5 Qh5 27. h3 Nf6 28. Nf4 Qg5 29. Bd6 Nd5 30. Nxd5 Qxd5 31. Rad1 Re6 32. Bg3 c5 33. Re3 Qc6 34. d3 1/2-1/2

[Event "Regionalliga SW 1112"]
[Site "Bayern"]
[Date "2011.12.11"]
[Round "4.7"]
[White "Sakkal, Cherin"]
[Black "Gang, Ralph"]
[Result "0-1"]
[WhiteElo "1933"]
[BlackElo "1903"]
[PlyCount "68"]
[EventDate "2011.10.02"]
[EventType "team-tourn"]
[EventRounds "9"]
[EventCountry "GER"]
[SourceTitle "EXT 2013"]
[Source "ChessBase"]
[SourceDate "2012.11.22"]
[SourceVersion "1"]
[SourceVersionDate "2012.11.22"]
[SourceQuality "1"]
[WhiteTeam "Haar"]
[BlackTeam "Kaufbeuren"]
[WhiteTeamCountry "GER"]
[BlackTeamCountry "GER"]

1. e4 c5 2. Nf3 d6 3. d4 cxd4 4. Nxd4 Nf6 5. Nc3 a6 6. Bg5 e6 7. Qf3 Be7 8. 0-0-0 Qc7 9. g4 b5 10. Bd3 Bb7 11. Rhg1 Nbd7 12. a3 Rc8 13. Kb1 Ne5 14. Qh3 Nxd3 15. cxd3 d5 16. Rc1 Qb6 17. Nde2 d4 18. Na2 0-0 19. Bd2 a5 20. g5 Nd7 21. b4 axb4 22. Nxb4 Nc5 23. Nxd4 Nxe4 24. Be3 Nc3+ 25. Kb2 Na4+ 26. Ka1 Bxb4 27. axb4 Qd6 28. Rxc8 Rxc8 29. Rb1 Ra8 30. Rb3 Nc5+ 31. Kb2 Nxb3 32. Nxb3 Qxb4 33. Bc5 Qa4 34. Qg3 Bd5 0-1

[Event "Munich op 25th"]
[Site "Munich"]
[Date "2005.10.01"]
[Round "1"]
[White "Fedorovsky, Michael"]
[Black "Sakkal, Cherin"]
[Result "1-0"]
[WhiteElo "2329"]
[BlackElo "2061"]
[PlyCount "69"]
[EventDate "2005.10.01"]
[EventType "swiss"]
[EventRounds "9"]
[EventCountry "GER"]
[SourceTitle "EXT 2006"]
[Source "ChessBase"]
[SourceDate "2005.11.24"]
[SourceVersion "1"]
[SourceVersionDate "2005.11.24"]
[SourceQuality "1"]

1. d4 d5 2. c4 e6 3. Nc3 Nf6 4. cxd5 exd5 5. Bg5 c6 6. e3 Be7 7. Bd3 0-0 8. Nge2 Nbd7 9. 0-0 Re8 10. Qc2 Nf8 11. f3 Nh5 12. Bxe7 Qxe7 13. e4 Be6 14. e5 g6 15. f4 Ng7 16. Ng3 f5 17. Rab1 Bd7 18. b4 Nfe6 19. Qf2 a5 20. b5 Red8 21. Nge2 Be8 22. bxc6 bxc6 23. Na4 Rdb8 24. Nb6 Qa3 25. Nxa8 Rxa8 26. Qe3 c5 27. dxc5 Nxc5 28. Qc1 Qxd3 29. Qxc5 Ne6 30. Qe7 Bf7 31. Ng3 Qe3+ 32. Kh1 Nxf4 33. Nxf5 Qe4 34. Nh6+ Kg7 35. Qxf7+ 1-0

[Event "Bayern-chI Bank Hofmann 5th"]
[Site "Bad Wiessee"]
[Date "2001.11.01"]
[Round "6"]
[White "Sakkal, Cherin"]
[Black "Rasch, Holger"]
[Result "1-0"]
[WhiteElo "2134"]
[BlackElo "2268"]
[PlyCount "47"]
[EventDate "2001.10.27"]
[EventType "swiss"]
[EventRounds "9"]
[EventCountry "GER"]
[SourceTitle "EXT 2003"]
[Source "ChessBase"]
[SourceDate "2002.11.25"]
[SourceVersion "1"]
[SourceVersionDate "2002.11.25"]
[SourceQuality "1"]

1. e4 c5 2. Nf3 e6 3. c4 Nc6 4. d4 cxd4 5. Nxd4 Nf6 6. Nc3 d6 7. g3 a6 8. Nxc6 bxc6 9. Bg2 Qc7 10. 0-0 Be7 11. f4 0-0 12. Be3 Rb8 13. Qe2 Re8 14. a3 c5 15. Rad1 Bf8 16. Rd2 Rb3 17. Qd1 Qb8 18. e5 d5 19. exf6 d4 20. Bf2 dxc3 21. bxc3 gxf6 22. Bc6 Bb7 23. Bxe8 Qxe8 24. Rd8 1-0